Sail the Ocean Blue Quiz Stats

 Plays Quiz Updated Dec 29, 2018

Support Sporcle.
Go Orange.
Score 0/20 Timer 07:00
3 Plays Today
Port - Direction Destination Country % Correct
Brighton, England, UK - SouthFrance
97.7%
Nome, Alaska, USA - WestRussia
61.8%
Perth, Australia - WestSouth Africa
61.8%
Mumbai, India - WestOman
54.5%
San Francisco, California, USA - WestJapan
51.5%
Stockholm, Sweden - EastEstonia
48.6%
Jacksonville, Florida, USA - EastMorocco
47.6%
Manila, Philippines - WestVietnam
46.7%
Sevastopol, Ukraine - SouthTurkey
45%
Venice, Italy - EastCroatia
41.9%
Port - Direction Destination Country % Correct
Valdivia, Chile - WestNew Zealand
40.6%
Male, Maldives - NorthIndia
40.2%
Singapore - EastIndonesia
36.6%
Kingston, Jamaica - SouthColombia
36.3%
Rio de Janeiro, Brazil - EastNamibia
34.8%
Tel Aviv, Israel - WestLibya
33.6%
Aruba, Netherlands - NorthDominican Republic
32.8%
Baku, Azerbaijan - EastTurkmenistan
32.2%
Guantanamo Bay, Cuba - EastHaiti
27.9%
Paramaribo, Suriname - NorthCanada
26.5%

From the Vault

Follow That Line: Dumb and Dumber

by pete32782

Movies 20m
Just when I think you couldn't possibly be any dumber, you go and do something like this and totally redeem yourself!
Remove Ads.
Support Sporcle.
Get the best of Sporcle when you Go Orange. This ad-free experience offers more features, more stats, and more fun while also helping to support Sporcle. Thank you for becoming a member.

Show Comments

Extras

Top Quizzes Today


Score Distribution

Your Account Isn't Verified!

In order to create a playlist on Sporcle, you need to verify the email address you used during registration. Go to your Sporcle Settings to finish the process.

Report this User

Report this user for behavior that violates our Community Guidelines.

Details: